Antropología filosófica
Uloženo v:
| Hlavní autor: | |
|---|---|
| Médium: | Kniha |
| Jazyk: | španělština |
| Vydáno: |
Ciudad de México
Fondo de Cultura Económica
1963
|
| Vydání: | 2a. ed |
| Edice: | Colección Popular, 41
|
| Témata: | |
| Tagy: |
Přidat tag
Žádné tagy, Buďte první, kdo vytvoří štítek k tomuto záznamu!
|
MARC
| LEADER | 00000cam a2200000 a 4500 | ||
|---|---|---|---|
| 001 | UCE8864 | ||
| 003 | CL-VaPUC | ||
| 008 | 150904e19630000mx |||||||||||||||||spa|d | ||
| 020 | |a 9789681603007 | ||
| 082 | 0 | 4 | |a 128 |b CAS |2 21 |
| 100 | 0 | |a Cassirer, Ernst |e author |9 391 | |
| 245 | 1 | 0 | |a Antropología filosófica |
| 250 | |a 2a. ed | ||
| 300 | |a 336 p | ||
| 942 | |c BK | ||
| 945 | |d 20150904 11:50:00 |a gsalatino | ||
| 260 | |a Ciudad de México |b Fondo de Cultura Económica |c 1963 | ||
| 650 | 0 | |a Simbolismo |9 267046 | |
| 650 | 7 | |a HOMBRE |2 CL-VaPUC |9 262149 | |
| 650 | 0 | |a Cultura |9 269059 | |
| 650 | 0 | |a Antropología filosófica |9 265842 | |
| 583 | |a last modification |c 20181018 01:46:41 |k Rodrigo Vera | ||
| 490 | 0 | |a Colección Popular, 41 | |
| 999 | |c 360627 |d 360625 | ||
| 952 | |0 0 |1 0 |2 ddc |3 erb |4 0 |6 128_000000000000000_CAS_1963 |7 0 |8 A |9 470510 |a BIBEDU |b BIBEDU |i 5196892 |l 6 |m 3 |o 128 CAS 1963 |p 5196892 |r 2024-10-22 |s 2024-10-17 |w 2019-11-23 |y BK |z Catalogado en:20150904 |k FIL | ||
| 952 | |0 0 |1 0 |3 erb |4 0 |6 128_000000000000000_CAS_1963 |7 0 |8 A |9 470511 |a BIBTEO |b BIBTEO |i 5293421 |o 128 CAS 1963 |p 5293421 |r 2025-01-17 |w 2019-11-23 |y BK |z Catalogado en:20160616 |k ICR | ||